| 000 | 01389 a2200169 4500 | ||
|---|---|---|---|
| 003 | Nust | ||
| 005 | 20230529100043.0 | ||
| 040 | _cNust | ||
| 082 | _a808.83,HAL | ||
| 100 |
_aHales.A G _9112724 |
||
| 245 |
_aMcGlusky, Empire Builder _cA G . Hales |
||
| 260 |
_aLondon _bWright & Brown |
||
| 300 | _b288:p | ||
| 505 | _aJamie McGlusky has a mission (Page-7), McGlusky holds forth to his empire builders! (Page-16), What happened in funchal! (Page-26), That ugly word mutiny rears its head (Page-45), The clash of arms and after (Page-57), McGlusky pays a peaceful visit with disastrous result (Page-74), McGlusky empire builders start a long trail (Page-90), McGlusky acquires all the horses he wants expect one (Page-101), The half caste shows the cloven hoof (Page-111), McGlusky does a wee bit business (Page-125), De Moamba is turned adrift to seek revenge (Page-135), McGlusky does prepares for visitors (Page-148), McGlusky users stratagem (Page-162), The battle of the naeago river and after (Page-177), McGlusky has a farewell breeze with the Portuguese (Page-195), McGlusky swims out into the night (Page-208), McGlusky leaves a visiting card (Page-222), The island (Page-236), McGlusky makes as big decision (Page-250), The empire takes over (Page-260), The raid on the island (Page-269), The great discovery (Page-281). | ||
| 650 |
_aA Novel _9107173 |
||
| 942 |
_2ddc _cBK |
||
| 999 |
_c186880 _d186880 |
||